| 000 | 00990nam a2200277 a 4500 | ||
|---|---|---|---|
| 001 | 1173 | ||
| 003 | BR-CuiBMT | ||
| 005 | 20231130193558.0 | ||
| 008 | 231124s2003 spb 001 0 por d | ||
| 020 | _a8574205397 | ||
| 040 |
_aBR-CuiBMT _cBR-CuiBMT |
||
| 080 |
_22007 _a347.91/.95 |
||
| 090 |
_a347.91/.95 _bD583r _c6. ed. |
||
| 100 | 1 | _aDinamarco, Cândido Rangel | |
| 245 | 1 | 2 |
_aA reforma da reforma / _cCândido Rangel Dinamarco. |
| 250 | _a6. ed., rev. e atual. | ||
| 260 |
_aSão Paulo : _bMalheiros, _c2003. |
||
| 300 |
_a304 p. ; _c21 cm |
||
| 500 | _aLei 10.352, de 26.12.2001 ; Lei 10.358, de 27.12.2001 ; Lei 10.444, de 7.5.2002 ; Lei 9.800, de 26.6.199 (Lei do Fax0, e Lei 10.173, de 9.1.2001 (Lei dos Idosos). | ||
| 504 | _aInclui bibliografia e índice. | ||
| 610 |
_aBrasil. _t[Código de processo civil (1973)] |
||
| 650 |
_aProcesso civil _xReforma _zBrasil |
||
| 650 |
_aExecução (Processo civil) _zBrasil |
||
| 650 |
_aDireito civil _zBrasil |
||
| 942 |
_2udc _cLV |
||
| 999 |
_c1173 _d1173 |
||